000 00740nas a2200241 4500
001 BR9103079
003 BR-BrBNA
005 20231205092043.0
007 ta
008 230509b bl.|||p| |||| 00| 00por d
040 _aBR-BrBNA
_bpor
_cBiblioteca Nacional de Agricultura
041 _a(Pt)
072 _aL01; U10
100 1 _aMachado, P.F.
100 1 _aMachado, M.A.F.T.
245 1 _aControle zootecnico; sistema de informacoes - a base da eficiencia [gado leiteiro]
650 _aGADO LEITEIRO
650 _aZOOTECNIA
650 _aSISTEMA DE INFORMACAO
773 0 _tGado Holandes (Brazil)
_xISSN 0101-1977
_g(Oct 1991), v. 57(397) p. 103-104
_wBR9103079
909 _a202311
_bLúcia
_c55
_dLúcia Elande
942 _2AGRIS
_n0
_cANA
999 _c128972
_d128972